| 000 | 00658nas a2200217 i 4500 | ||
|---|---|---|---|
| 001 | 1273 | ||
| 003 | ES-MaACL | ||
| 005 | 20250802062527.0 | ||
| 007 | t| | ||
| 008 | 950801d19181978it | | 1 ||ta d | ||
| 022 | _a0021-2768 | ||
| 245 | 0 | 2 |
_aL' Italia che scrive _b: rassegna per coloro che leggono : supplemento mensile a tutti i periodici. |
| 260 |
_aRoma : _bA.F. Formigini, _c1918-1978 ( _fTip. Poliglotta) |
||
| 300 |
_a4 v. ; _c31 cm. |
||
| 310 | _aMensual | ||
| 362 | 0 | _aA. 1, n. 1 (apr. 1918)-a. 61, n. 7/8 (lug./ago. 1978) | |
| 650 | 7 |
_aLiteratura _2embne _9141583 |
|
| 852 |
_aES-MaACL _jHem-312 |
||
| 866 | 0 | _o1924-32. | |
| 999 |
_c1273 _d1273 |
||